000 00990nam a2200289Ia 4500
000 nam a22 i 4500
001 UNACH-6935
007 ta
008 221212s ||||fr|||| 00| | spa d
020 _a978-970-261-189-9
041 0 _aspa
082 0 4 _a658
_bAdministración general, administración de empresas
100 1 _aFerd R., David,
_eautor
245 1 0 _aConcepto de administración estratégica.
264 3 1 _a[Madrid] :
_aEspaña :
_bPearson Educación S.A.,
_c[Fecha de publicación no identificada]
300 _a384 páginas :
_bilustraciones y tablas
336 _atexto
_btxt
_2rdacontent
337 _ano mediado
_bn
_2rdamedia
338 _avolumen
_bnc
_2rdacarrier
505 0 _aVisión general de la administración estratégica.-- Formulación de la estrategia.
650 1 4 _aMISION DE NEGOCIO
650 2 4 _aCOMPETENCIA GLOBAL
650 2 4 _aDIRECTRICES
653 0 _aAdministracion general, administración de empresas
942 _2ddc
_c1
_n0
999 _c5604
_d5604